00836cam a2200229 a 450000100100000000500170001000800410002702000150006804000250008308200210010810000210012924501100015026000300026030000240029049000560031450400540037065000330042465000220045765000300047971000410050983000560055000000236420200929150205.0750325s1974 sp b 000 0 spa  a9233011720 aDO-SdBNPbspacBNPHU a370.96711bL197e1 aLallez, Raymond.13aUna experiencia de ruralización de la enseñanza :bel IPAR y la reforma camerunesa /cRaymond Lellez. aParís :bUnesco,c1974. av, 124 p. ;c21 cm.1 aExperiencias e innovaciones en educación ;vno. 8 aIncluye referencias bibliográficas: p. 121-124. 4aEducación ruralzCamerún 4aEducación rural 4aEducaciónxInnovaciones2 aOficina Internacional de educación 0aExperiencias e innovaciones en educación ;vno. 8